1777 1035 1186 1964 1222 1047 1318 1413 1628 1322 1906 1627 1159 1405 1580 1831 1004 1068 1740 1435 1201 1602 1112 1797 1895 1348 1860 1726 1409 1981 1523 1346 1677 1718 1447 1378 1635 1168 1995 1489 1083 1690 1813 1963 1547 1210 1753 1598 1973 1847 1468 1068 1204 1851 1201 1088 1176 1228 1194 1210 1133 1812 1978 1316 1725 1369 1387 1296 1674 1792 1486 1160 1658 1652 1580 1593 1282 1601 1814 1208 1080 1731 1014 1059 1173 1564 1731 1322 1114 1240 1836 1408 1238 1377 1927 1589 1162 1474 1347 BCNSPRNW ULIB Ver.6.0+V

เปลี่ยนเป็นภาษาไทย

Change to English
 แสดงรายละเอียดบรรณานุกรม
  กลับหน้าหลัก

Brief Record : Get Marc (ISO 2709) : E-mail record : QR code < ปิดหน้าต่าง
LEADER : 00000nam 2200000uu 4500
001    13399111334
003     ULIB
008    110622s||||||||th 000 0 tha d
020    9749355822
050  4 BL535^bส195ช 2548
100 0  สนอง วรอุไร
245 10 ชีวิตหลังความตาย :^bชีวิตใหม่ที่ต้องเตรียมตัว /^cสนอง วรอุไร และ บรรจบ บรรณรุจิ
250    พิมพ์ครั้งที่ 1
260    กรุงเทพฯ :^bชมรมกัลยาณธรรม,^c2548
300    58 หน้า :^bภาพประกอบ ;^c18 ซม.
650  7 ความตาย^xแง่ศาสนา^xพุทธศาสนา^vคำถามและคำตอบ
650  7 ชาติหน้า^xแง่ศาสนา^xพุทธศาสนา^vคำถามและคำตอบ
650  7 ความตาย^xแง่ศาสนา^xพุทธศสานา^xปาฐกถา
650  7 การปฏิบัติธรรม^xปาฐกถา
700 0  บรรจบ บรรณรุจิ
945    ^p15^l0^i019521
945    ^p15^l0^i019507
945    ^p15^l0^i019395
995    ทศพร
999 ^a ใช้งานได้ทุกระบบ
รายการนี้ยังไม่มีแท็ก
คุณยังไม่ได้ล็อกอิน คุณสามารถมีกิจกรรมร่วมกับเว็บไซต์ได้ แต่ต้องล็อกอินก่อน ::
  ล็อกอิน

รายการสื่อสารสนเทศ

ลำดับที่ ประเภท เลขเรียก/บาร์โค้ด สถานที่ สถานะ
- ไม่พบข้อมูล -

รายการใกล้เคียง
    ผู้แต่ง [สนอง วรอุไร]

BibComment


ยังไม่เคยถูกคอมเมนท์

คอมเมนท์ทรัพยากรรายการนี้
  คอมเมนท์: ชีวิตหลังความตาย ..


 Copyright 2026. Bcnsprnw @Library